LDR 00856naa#a2200205#i#450# 001 EN\\bibl\126647 005 20260703132945.5 011 ## _a2587-6740 100 ## _a20260615b2026####ek#y0engy0150####ca 102 ## _aRU 200 1# _aThe condition of crop production in the region in conditions of increased risk of production _eJournal article 210 1# _aMoscow _cElectronic science _d2026 215 ## _a3 с. 608 ## _aJournal article _2local 675 ## _aЭкономика сельского хозяйства. Продовольственный комплекс. 338.43 _aРегиональная экономика. Территориальная экономика. 332.1 _z 700 #1 _aZyukin _gDanil Alekseevich 700 #1 _aSvyatova _gOlga Viktorovna 700 #1 _aAlekseyenko _gAlexander Ivanovich 700 #1 _aNozdracheva _gElena Nikolaevna 856 4# _aqje.su _u